[Event "4NCL Division 3 North"]
[Site "Bolton, ENG"]
[Date "2022.05.01"]
[Round "6.42"]
[White "Crocker, Philip J"]
[Black "Adam, David W"]
[Result "1-0"]
[WhiteElo "2089"]
[BlackElo "1758"]
[PlyCount "105"]
[EventDate "2022.05.01"]
[WhiteTeam "Spirit of Atticus"]
[BlackTeam "Bradford DCA Knights B"]

1. d4 Nf6 2. c4 g6 3. g3 Bg7 4. Bg2 c5 5. d5 d6 6. Nc3 Nbd7 7. Nf3 a6 8. a4 O-O
9. O-O Rb8 10. e4 b6 11. Re1 Ng4 12. Qe2 Nge5 13. Nd2 f6 14. f4 Nf7 15. Nf3 Re8
16. b3 Qc7 17. Bb2 Nf8 18. h3 Bd7 19. Bf1 Rbd8 20. Nd1 e5 21. Nf2 exf4 22. gxf4
Bc8 23. Bc3 a5 24. Qb2 Nd7 25. Ng4 Rf8 26. Bg2 Nh6 27. Nf2 Rde8 28. Re2 Rf7 29.
Rae1 Rfe7 30. Nd3 Nf7 31. Nh2 Nh6 32. Bf3 Qd8 33. Nf1 Nf8 34. Kh2 Nd7 35. Rg2
f5 36. e5 dxe5 37. d6 Re6 38. Bd5 Nf7 39. fxe5 Ndxe5 40. Nxe5 Qxd6 41. Rge2
R6e7 42. Kg1 Be6 43. Nxf7 Bxf7 44. Bxf7+ Kxf7 45. Rxe7+ Rxe7 46. Rxe7+ Qxe7 47.
Bxg7 Qg5+ 48. Kh1 Qh4 49. Qc3 Qe4+ 50. Kg1 Qe7 51. Bh6 Kg8 52. Qe3 Qd7 53. Qe5
1-0

[Event "4NCL Division 3 North"]
[Site "Bolton, ENG"]
[Date "2022.05.01"]
[Round "6.43"]
[White "Winter, Kevin"]
[Black "Phillips, David A"]
[Result "0-1"]
[WhiteElo "1690"]
[BlackElo "2050"]
[PlyCount "98"]
[EventDate "2022.05.01"]
[WhiteTeam "Bradford DCA Knights B"]
[BlackTeam "Spirit of Atticus"]

1. e4 c5 2. Nc3 e6 3. Qe2 Nc6 4. Nf3 Be7 5. g3 d5 6. d3 dxe4 7. dxe4 Nf6 8. Bg2
O-O 9. O-O Nd4 10. Qd1 Qb6 11. e5 Nd7 12. Re1 Rd8 13. Nd2 Nf8 14. Nce4 Qa6 15.
Bf1 b5 16. c3 Nc6 17. f4 Qb6 18. Qg4 c4+ 19. Kh1 Kh8 20. Nf3 Bb7 21. Be3 Qc7
22. Neg5 Bxg5 23. Bg2 Bh6 24. Qh3 Ng6 25. Qg4 Rd3 26. Bf2 Rad8 27. h4 Nce7 28.
h5 Nf8 29. Nd4 Bxg2+ 30. Kxg2 b4 31. Rad1 bxc3 32. bxc3 Rxc3 33. Qh4 Rd3 34.
Rxd3 cxd3 35. Rd1 Nf5 36. Nxf5 exf5 37. Kg1 Ne6 38. Be3 Qc2 39. Rd2 Qc4 40. Kf2
a5 41. Qe7 Qc7 42. Qh4 a4 43. Qh3 a3 44. Qxf5 g6 45. hxg6 hxg6 46. Qf6+ Kg8 47.
Qh4 Bf8 48. g4 Bc5 49. Qf6 Be7 0-1

[Event "4NCL Division 3 North"]
[Site "Bolton, ENG"]
[Date "2022.05.01"]
[Round "6.44"]
[White "Latham, David"]
[Black "Connor, Michael I"]
[Result "1-0"]
[WhiteElo "2083"]
[BlackElo "1573"]
[PlyCount "65"]
[EventDate "2022.05.01"]
[WhiteTeam "Spirit of Atticus"]
[BlackTeam "Bradford DCA Knights B"]

1. d4 Nf6 2. g3 g6 3. Bg2 d5 4. c4 Bg7 5. cxd5 Nxd5 6. e4 Nf6 7. Ne2 O-O 8.
Nbc3 c5 9. d5 Nbd7 10. O-O c4 11. Be3 Ne5 12. Bd4 Nfd7 13. b3 a6 14. bxc4 Qc7
15. f4 Nxc4 16. e5 Ndb6 17. Qb3 Bd7 18. Rfc1 Rab8 19. a4 Rfc8 20. a5 Na8 21. d6
exd6 22. Nd5 Qd8 23. Rxc4 Rxc4 24. Qxc4 Bb5 25. Qa2 dxe5 26. Bxe5 Bxe5 27. fxe5
Qg5 28. Qb2 Rd8 29. Nef4 Bc6 30. Re1 h5 31. e6 Bxd5 32. e7 Re8 33. Nxd5 1-0

[Event "4NCL Division 3 North"]
[Site "Bolton, ENG"]
[Date "2022.05.01"]
[Round "6.45"]
[White "Webster, Vivien"]
[Black "Brown, Geoffrey D"]
[Result "1-0"]
[WhiteElo "1489"]
[BlackElo "1708"]
[PlyCount "105"]
[EventDate "2022.05.01"]
[WhiteTeam "Bradford DCA Knights B"]
[BlackTeam "Spirit of Atticus"]

1. d4 e6 2. a3 f5 3. Nc3 Nf6 4. Bf4 Be7 5. Nf3 d6 6. h3 O-O 7. e3 Ne4 8. Bd3
Nxc3 9. bxc3 Nd7 10. c4 b6 11. c3 Nf6 12. Qc2 Bb7 13. Bg5 Ne4 14. Bxe7 Qxe7 15.
a4 a5 16. h4 Rad8 17. Ke2 Qf7 18. h5 Qf6 19. Rh3 Rd7 20. Rg1 Rff7 21. Qb3 g5
22. hxg6 hxg6 23. c5 dxc5 24. Ne5 cxd4 25. Nxd7 Rxd7 26. cxd4 Bd5 27. Qa3 c5
28. Rgh1 Ng5 29. Rh8+ Kf7 30. f4 Ke7 31. fxg5 Qxg5 32. R1h7+ Kd6 33. dxc5+ bxc5
34. Rxd7+ Kxd7 35. Bb5+ Kd6 36. Rc8 Qxg2+ 37. Ke1 Qh1+ 38. Kd2 Qg2+ 39. Be2 Bc6
40. Qd3+ Qd5 41. Qxd5+ Bxd5 42. Rg8 Ke5 43. Rxg6 f4 44. Rg5+ Ke4 45. exf4 Kxf4
46. Rg7 Bb3 47. Bb5 e5 48. Ra7 e4 49. Rxa5 Kf3 50. Ra8 e3+ 51. Ke1 c4 52. a5 c3
53. Rc8 1-0

[Event "4NCL Division 3 South"]
[Site "Maidenhead, ENG"]
[Date "2022.02.12"]
[Round "3.11"]
[White "Finn, Peter"]
[Black "Cox, Toby"]
[Result "1-0"]
[WhiteElo "2177"]
[BlackElo "2103"]
[PlyCount "53"]
[EventDate "2022.02.12"]
[WhiteTeam "CSC 1"]
[BlackTeam "MK Phoenix 1"]

1. e4 e6 2. d4 d5 3. Nd2 Nf6 4. e5 Nfd7 5. f4 c5 6. c3 Nc6 7. Ndf3 Qb6 8. a3
Be7 9. h4 f6 10. Bd3 cxd4 11. cxd4 O-O 12. b4 Kh8 13. Ne2 Rf7 14. h5 Bd8 15.
Qc2 Nf8 16. b5 Ne7 17. a4 Ng8 18. Ba3 f5 19. Bc5 Qc7 20. a5 Nd7 21. Kd2 b6 22.
axb6 Nxb6 23. Ng5 Bxg5 24. fxg5 Qd8 25. g6 Rc7 26. Ke1 Bd7 27. Bxb6 1-0

[Event "4NCL Division 3 South"]
[Site "Maidenhead, ENG"]
[Date "2022.02.12"]
[Round "3.12"]
[White "Freeman, Richard C P"]
[Black "Farrand, Tom"]
[Result "1-0"]
[WhiteElo "2024"]
[BlackElo "2163"]
[PlyCount "59"]
[EventDate "2022.02.12"]
[WhiteTeam "MK Phoenix 1"]
[BlackTeam "CSC 1"]

1. d4 e6 2. Bf4 f5 3. e3 Nf6 4. Nf3 Be7 5. Nbd2 b6 6. Bd3 Bb7 7. h3 O-O 8. c3
Ne4 9. Qe2 a5 10. Rg1 d6 11. O-O-O a4 12. a3 Ba6 13. Bxa6 Nxa6 14. g4 Nxd2 15.
Nxd2 Qd7 16. gxf5 exf5 17. Rg2 Kh8 18. Rdg1 Bf6 19. e4 fxe4 20. Nxe4 Qf5 21.
Bg5 Bxg5+ 22. Rxg5 Qf7 23. Rxg7 Qxg7 24. Rxg7 Kxg7 25. Ng5 Kg6 26. h4 Rad8 27.
Qxa6 Rxf2 28. Qd3+ Kg7 29. Qxh7+ Kf8 30. Qh6+ 1-0

[Event "4NCL Division 3 South"]
[Site "Maidenhead, ENG"]
[Date "2022.02.12"]
[Round "3.13"]
[White "Fegan, Chris"]
[Black "Brown, Alan M"]
[Result "0-1"]
[WhiteElo "2012"]
[BlackElo "2010"]
[PlyCount "60"]
[EventDate "2022.02.12"]
[WhiteTeam "CSC 1"]
[BlackTeam "MK Phoenix 1"]

1. e4 e6 2. d4 d5 3. e5 c5 4. c3 Qb6 5. Nf3 Nc6 6. Bd3 Bd7 7. O-O cxd4 8. cxd4
Nxd4 9. Nc3 Nxf3+ 10. Qxf3 Ne7 11. a4 Ng6 12. Re1 Bb4 13. Be3 Qd8 14. Qg3 Qh4
15. Bxg6 hxg6 16. Qxh4 Rxh4 17. Red1 Rh5 18. f4 a6 19. Ne2 Rc8 20. Nd4 Ke7 21.
b3 f6 22. g4 Rh3 23. Bf2 Bc3 24. Rab1 Bxd4 25. Rxd4 Rcc3 26. Rb4 Bc6 27. Bd4
Rc2 28. Bf2 Rf3 29. Rf1 Rd3 30. Bd4 a5 0-1

[Event "4NCL Division 3 South"]
[Site "Maidenhead, ENG"]
[Date "2022.02.12"]
[Round "3.14"]
[White "Elwin, Adrian G"]
[Black "Kalitsis, Nikolaos"]
[Result "1-0"]
[WhiteElo "1983"]
[BlackElo "2034"]
[PlyCount "47"]
[EventDate "2022.02.12"]
[WhiteTeam "MK Phoenix 1"]
[BlackTeam "CSC 1"]

1. d4 e6 2. c4 Nf6 3. Nf3 b6 4. Nc3 Bb7 5. Bg5 Bb4 6. Rc1 h6 7. Bxf6 Qxf6 8. a3
Bxc3+ 9. Rxc3 g5 10. d5 e5 11. Nxe5 O-O 12. Nf3 d6 13. Qd4 Qg6 14. e4 c5 15.
Qd1 Qxe4+ 16. Re3 Qg6 17. Bd3 Qf6 18. h4 g4 19. Nh2 Qxb2 20. Qxg4+ Kh8 21. O-O
Bc8 22. Qf4 f5 23. Qxh6+ Kg8 24. Rg3+ 1-0

[Event "4NCL Division 3 South"]
[Site "Maidenhead, ENG"]
[Date "2022.02.12"]
[Round "3.15"]
[White "Scrimgour, Alan"]
[Black "Lambourne, Dan M"]
[Result "1-0"]
[WhiteElo "2049"]
[BlackElo "1985"]
[PlyCount "81"]
[EventDate "2022.02.12"]
[WhiteTeam "CSC 1"]
[BlackTeam "MK Phoenix 1"]

1. e4 d5 2. exd5 Qxd5 3. Nc3 Qa5 4. d4 c6 5. Bc4 Nf6 6. Nf3 e6 7. O-O Bd6 8.
Re1 Qc7 9. Ne5 Nbd7 10. Bf4 Nb6 11. Bb3 Nbd5 12. Bg3 O-O 13. Qf3 Nxc3 14. bxc3
a5 15. c4 c5 16. c3 Ne8 17. Bc2 g6 18. Qd3 Qe7 19. Rab1 cxd4 20. cxd4 f6 21. c5
Bc7 22. Nc4 Ng7 23. Nb6 Ra7 24. Nd5 Qd8 25. Nxc7 Rf7 26. Nb5 Ra6 27. Nd6 Re7
28. Bh4 Ne8 29. Bg3 a4 30. Qb5 a3 31. Nxe8 Rxe8 32. Bd6 f5 33. Bb3 Kf7 34. d5
Ra5 35. dxe6+ Bxe6 36. Qxb7+ Kf6 37. Rxe6+ Rxe6 38. Bxe6 Kxe6 39. Re1+ Kf6 40.
Be7+ Qxe7 41. Qxe7# 1-0

[Event "4NCL Division 3 South"]
[Site "Maidenhead, ENG"]
[Date "2022.02.12"]
[Round "3.16"]
[White "Habershon, Paul F"]
[Black "Amato, Giampiero"]
[Result "0-1"]
[WhiteElo "1976"]
[BlackElo "1999"]
[PlyCount "76"]
[EventDate "2022.02.12"]
[WhiteTeam "MK Phoenix 1"]
[BlackTeam "CSC 1"]

1. e4 e5 2. Nf3 Nf6 3. d4 Nxe4 4. Nxe5 d6 5. Nf3 d5 6. Bd3 Nc6 7. O-O Be7 8.
Re1 Bg4 9. c3 f5 10. h3 Bh5 11. Bf4 O-O 12. Be2 Bd6 13. Bxd6 Qxd6 14. Nbd2 Rae8
15. c4 dxc4 16. Nxc4 Qf4 17. Nce5 Nxe5 18. dxe5 Bxf3 19. Bxf3 Qxe5 20. Qb3+ Kh8
21. Qxb7 Qc5 22. Bxe4 fxe4 23. Re2 e3 24. fxe3 Rxe3 25. Rxe3 Qxe3+ 26. Kh1 h6
27. Qb4 c5 28. Qh4 Qf2 29. Qxf2 Rxf2 30. Rb1 Kh7 31. Kh2 Kg6 32. Kg3 Rc2 33.
Kf3 Kf5 34. g4+ Ke5 35. Re1+ Kd4 36. Rd1+ Kc4 37. Rd7 Rxb2 38. Rxa7 Kd3 0-1

[Event "4NCL Division 3 South"]
[Site "Maidenhead, ENG"]
[Date "2022.02.12"]
[Round "3.21"]
[White "Rich, Mark C"]
[Black "Wilson, Jaimie"]
[Result "0-1"]
[WhiteElo "2067"]
[BlackElo "2096"]
[PlyCount "98"]
[EventDate "2022.02.12"]
[WhiteTeam "Cambridge University 2"]
[BlackTeam "Wessex Some Stars A"]

1. e4 e6 2. Nc3 d5 3. Nf3 Nf6 4. e5 Nfd7 5. d4 c5 6. dxc5 Bxc5 7. Bd3 Nc6 8.
Bf4 a6 9. O-O b5 10. a4 b4 11. Ne2 Qc7 12. Re1 Ndxe5 13. Nxe5 Nxe5 14. Kf1 Bd6
15. Ng3 Nxd3 16. Bxd6 Qxd6 17. cxd3 O-O 18. d4 a5 19. Rc1 Ba6+ 20. Kg1 Rac8 21.
Qg4 Bd3 22. h4 Rc4 23. b3 Rc7 24. Nh5 Bg6 25. Nf4 Bf5 26. Qf3 Be4 27. Qg4 Rfc8
28. Rxc7 Rxc7 29. Nh5 Bg6 30. Ng3 h6 31. Ne2 Bf5 32. Qf3 Rc2 33. g4 Be4 34. Qe3
Qa6 35. f3 Qd3 36. Nf4 Qxe3+ 37. Rxe3 Rc1+ 38. Kf2 Bc2 39. g5 hxg5 40. hxg5 g6
41. Nd3 Rd1 42. Ke2 Rxd3 43. Rxd3 Bxd3+ 44. Kxd3 f6 45. f4 fxg5 46. fxg5 Kf7
47. Ke3 Ke7 48. Kf3 Kd6 49. Kf4 e5+ 0-1

[Event "4NCL Division 3 South"]
[Site "Maidenhead, ENG"]
[Date "2022.02.12"]
[Round "3.22"]
[White "Lukosius, Rolandas"]
[Black "Chan, Nevil"]
[Result "0-1"]
[WhiteElo "2067"]
[BlackElo "2010"]
[PlyCount "91"]
[EventDate "2022.02.12"]
[WhiteTeam "Wessex Some Stars A"]
[BlackTeam "Cambridge University 2"]

1. d4 b6 2. c4 Bb7 3. Nc3 e6 4. Nf3 Nf6 5. a3 d5 6. cxd5 Nxd5 7. Qc2 Nd7 8. e4
Nxc3 9. bxc3 Be7 10. Bd3 c5 11. O-O Qc7 12. Qe2 O-O 13. Bd2 Rac8 14. Ng5 h6 15.
Nh3 e5 16. d5 c4 17. Bc2 f5 18. f4 fxe4 19. Qxe4 Nf6 20. Qg6 e4 21. Ng5 hxg5
22. fxg5 Bxd5 23. gxf6 Rxf6 24. Rxf6 Bxf6 25. Bxe4 Bxe4 26. Qxe4 Rd8 27. Re1
Qc5+ 28. Be3 Qd5 29. Bd4 Bxd4+ 30. cxd4 Qxd4+ 31. Qxd4 Rxd4 32. Re8+ Kh7 33.
Rc8 b5 34. Kf2 Rd2+ 35. Ke1 Ra2 36. Rc5 a6 37. g4 Rxa3 38. h4 Rh3 39. Rh5+ Kg8
40. Kd2 b4 41. Rc5 c3+ 42. Kc2 Rxh4 43. g5 Kh7 44. Kb3 Kg6 45. Ra5 Rg4 46. Rc5
0-1

[Event "4NCL Division 3 South"]
[Site "Maidenhead, ENG"]
[Date "2022.02.12"]
[Round "3.23"]
[White "Atako, Chino C"]
[Black "Westrap, Christian F"]
[Result "1/2-1/2"]
[WhiteElo "2010"]
[BlackElo "2042"]
[PlyCount "93"]
[EventDate "2022.02.12"]
[WhiteTeam "Cambridge University 2"]
[BlackTeam "Wessex Some Stars A"]

1. d4 d5 2. c4 c6 3. Nf3 Nf6 4. Nc3 e6 5. cxd5 exd5 6. Bg5 Be7 7. e3 Bf5 8. Nh4
Bg6 9. Nxg6 hxg6 10. Bd3 Ne4 11. Bxe7 Qxe7 12. Bxe4 dxe4 13. Qc2 f5 14. O-O-O
Na6 15. a3 O-O-O 16. Kb1 Kb8 17. Ne2 Nc7 18. Nc3 Nd5 19. Ne2 g5 20. Nc3 g4 21.
Nxd5 Rxd5 22. Qc4 Qd6 23. h4 gxh3 24. Rxh3 Rxh3 25. gxh3 Qh2 26. Qb4 Qd6 27.
Qxd6+ Rxd6 28. Rg1 Rh6 29. Rxg7 Rxh3 30. Rg2 a5 31. Kc2 Kc7 32. Kd2 Kd6 33. Rg8
b5 34. Re8 Rf3 35. Ke2 a4 36. Re5 Kc7 37. Kf1 Kd6 38. Kg2 Kc7 39. Re6 Kd7 40.
Re5 Kd6 41. Kg1 Kd7 42. Kg2 Kd6 43. Rc5 f4 44. exf4 Rxf4 45. Re5 Rg4+ 46. Kf1
Rh4 47. Ke1 1/2-1/2

[Event "4NCL Division 3 South"]
[Site "Maidenhead, ENG"]
[Date "2022.02.12"]
[Round "3.24"]
[White "Pleasants, Allan J"]
[Black "Gooding, Ian"]
[Result "1-0"]
[WhiteElo "2034"]
[BlackElo "1932"]
[PlyCount "28"]
[EventDate "2022.02.12"]
[WhiteTeam "Wessex Some Stars A"]
[BlackTeam "Cambridge University 2"]

1. Nf3 b5 2. d4 Bb7 3. e4 Bxe4 4. Nc3 Bb7 5. Bxb5 Nf6 6. Bg5 g6 7. Qe2 Bg7 8.
O-O-O O-O 9. Rhe1 Re8 10. Ne5 c6 11. Bc4 d5 12. Bb3 a5 13. Na4 Ne4 14. Nxf7
Nxg5 1-0

[Event "4NCL Division 3 South"]
[Site "Maidenhead, ENG"]
[Date "2022.02.12"]
[Round "3.25"]
[White "OShea, Colm"]
[Black "Gregory, Keith D F"]
[Result "1/2-1/2"]
[WhiteElo "1850"]
[BlackElo "1957"]
[PlyCount "53"]
[EventDate "2022.02.12"]
[WhiteTeam "Cambridge University 2"]
[BlackTeam "Wessex Some Stars A"]

1. e4 d6 2. d4 Nf6 3. Nc3 Nbd7 4. g4 h6 5. h3 e5 6. Nge2 c6 7. Ng3 exd4 8. Qxd4
Ne5 9. Be2 Qb6 10. Qxb6 axb6 11. f4 Ned7 12. Be3 b5 13. Bf3 b4 14. Nce2 Ra5 15.
O-O g5 16. c3 bxc3 17. Nxc3 gxf4 18. Bxf4 Ne5 19. Be2 Be7 20. Nf5 Bxf5 21. exf5
Nfd7 22. a3 f6 23. b4 Ra8 24. b5 d5 25. bxc6 bxc6 26. a4 Kf7 27. Rfb1 1/2-1/2

[Event "4NCL Division 3 South"]
[Site "Maidenhead, ENG"]
[Date "2022.02.12"]
[Round "3.26"]
[White "Bellers, Chris J"]
[Black "Webster, Peter A N"]
[Result "0-1"]
[WhiteElo "1926"]
[BlackElo "1914"]
[PlyCount "50"]
[EventDate "2022.02.12"]
[WhiteTeam "Wessex Some Stars A"]
[BlackTeam "Cambridge University 2"]

1. c4 e5 2. g3 f5 3. Nc3 Nf6 4. Nf3 Nc6 5. d4 e4 6. Nh4 d5 7. Bg5 dxc4 8. e3
Be7 9. Bxc4 Ng4 10. Bxe7 Qxe7 11. Ng2 Bd7 12. Nf4 O-O-O 13. Nfd5 Qf8 14. Qa4
Kb8 15. Nb5 a6 16. Nbxc7 Nxd4 17. Nxa6+ bxa6 18. Qxa6 Nf3+ 19. Ke2 Qc5 20. b4
Bc8 21. bxc5 Bxa6 22. Bxa6 Rxd5 23. Rhd1 Rhd8 24. Rab1+ Ka7 25. Bc4 Rd2+ 0-1

[Event "4NCL Division 3 South"]
[Site "Maidenhead, ENG"]
[Date "2022.02.12"]
[Round "3.31"]
[White "Hughes, Roy"]
[Black "Webster, David"]
[Result "1/2-1/2"]
[WhiteElo "2090"]
[BlackElo "1966"]
[PlyCount "81"]
[EventDate "2022.02.12"]
[WhiteTeam "Iceni 1"]
[BlackTeam "Celtic Tigers 2"]

1. d4 Nf6 2. Nf3 e6 3. g3 b6 4. Bg2 Bb7 5. O-O c5 6. c4 cxd4 7. Nbd2 Qc8 8.
Nxd4 Bxg2 9. Kxg2 Nc6 10. N2f3 Nxd4 11. Qxd4 Bc5 12. Qd3 Qb7 13. Kg1 d5 14.
cxd5 Qxd5 15. Qb5+ Qd7 16. Qxd7+ Nxd7 17. Bd2 b5 18. Bc3 O-O 19. Rfd1 Nb6 20.
Kg2 Rfd8 21. Rac1 Rxd1 22. Rxd1 Nd5 23. Bd4 Bxd4 24. Nxd4 a6 25. Rc1 Kf8 26. a3
Ke8 27. Kf3 Ne7 28. b3 Rd8 29. e3 Rd6 30. Ke2 Kd7 31. Nf3 f6 32. Nd2 Rc6 33.
Rxc6 Kxc6 34. e4 e5 35. Kd3 Kd6 36. b4 Nc8 37. Nf1 Nb6 38. Ne3 g6 39. Kc3 Na4+
40. Kb3 Nb6 41. Kc3 1/2-1/2

[Event "4NCL Division 3 South"]
[Site "Maidenhead, ENG"]
[Date "2022.02.12"]
[Round "3.32"]
[White "Tivillier, Jacques"]
[Black "Sagues, Vincent"]
[Result "1/2-1/2"]
[WhiteElo "1898"]
[BlackElo "2054"]
[PlyCount "73"]
[EventDate "2022.02.12"]
[WhiteTeam "Celtic Tigers 2"]
[BlackTeam "Iceni 1"]

1. e4 e6 2. d3 d5 3. Nd2 Nf6 4. g3 Be7 5. Bg2 c5 6. Ngf3 Nc6 7. O-O O-O 8. Re1
b5 9. e5 Nd7 10. Nf1 Bb7 11. h4 Nb6 12. Bg5 d4 13. Bxe7 Nxe7 14. N1d2 Qd7 15.
h5 Nf5 16. Ne4 Bxe4 17. Rxe4 Rac8 18. g4 Ne7 19. Qd2 Rfd8 20. Re2 c4 21. Ng5 c3
22. bxc3 dxc3 23. Qf4 Ned5 24. Qe4 g6 25. hxg6 fxg6 26. f4 Rf8 27. Rf1 Qe7 28.
Ref2 Kg7 29. Qe1 Nxf4 30. Rxf4 Qxg5 31. Rxf8 Rxf8 32. Rxf8 Kxf8 33. Qxc3 Qe3+
34. Kh1 Qh6+ 35. Kg1 Qe3+ 36. Kh1 Qh6+ 37. Kg1 1/2-1/2

[Event "4NCL Division 3 South"]
[Site "Maidenhead, ENG"]
[Date "2022.02.12"]
[Round "3.33"]
[White "Ortiz Sanchez, Luis"]
[Black "Kitchen, Peter J"]
[Result "1/2-1/2"]
[WhiteElo "1980"]
[BlackElo "1860"]
[PlyCount "127"]
[EventDate "2022.02.12"]
[WhiteTeam "Iceni 1"]
[BlackTeam "Celtic Tigers 2"]

1. e4 e6 2. d4 d5 3. exd5 exd5 4. Nf3 Nf6 5. Bd3 Bd6 6. Qe2+ Qe7 7. Qxe7+ Kxe7
8. O-O Re8 9. Bg5 h6 10. Bh4 Be6 11. Re1 Nbd7 12. Nbd2 Kf8 13. Ne5 Nh5 14. Ndf3
Nf4 15. Bb5 c6 16. Bf1 Nxe5 17. Nxe5 Be7 18. Bg3 Nh5 19. Bd3 Nxg3 20. hxg3 Bd6
21. Re2 g6 22. Rae1 Bxe5 23. Rxe5 Bd7 24. f4 Bf5 25. Bxf5 gxf5 26. Kf2 f6 27.
Rxf5 Rxe1 28. Kxe1 Kf7 29. Rh5 Kg6 30. Rh1 Re8+ 31. Kf2 Re4 32. Rh4 f5 33. c3
a5 34. Rh1 b6 35. Kf3 h5 36. Rd1 Kf6 37. a3 b5 38. Kf2 Re7 39. Rd3 Re4 40. Re3
Ke6 41. Ke2 Kd6 42. Kd2 Ke6 43. Re1 Rxe1 44. Kxe1 Kd6 45. Ke2 c5 46. Kd3 c4+
47. Ke3 Ke6 48. Kf3 Kf6 49. Kf2 Kf7 50. Kg1 Kg7 51. Kh2 Kg6 52. Kh3 Kh6 53. Kh4
Kg6 54. Kh3 Kh6 55. Kh2 Kg6 56. Kg1 Kf6 57. Kf2 Kf7 58. Ke2 a4 59. Ke3 Ke6 60.
Ke2 Ke7 61. Kf2 Kf7 62. Kf3 Kf6 63. Kf2 Kf7 64. Kf3 1/2-1/2

[Event "4NCL Division 3 South"]
[Site "Maidenhead, ENG"]
[Date "2022.02.12"]
[Round "3.34"]
[White "Sarfas, Robin"]
[Black "Gibbs, Dominic V"]
[Result "1/2-1/2"]
[WhiteElo "1629"]
[BlackElo "1974"]
[PlyCount "89"]
[EventDate "2022.02.12"]
[WhiteTeam "Celtic Tigers 2"]
[BlackTeam "Iceni 1"]

1. d4 f5 2. c4 Nf6 3. g3 g6 4. Bg2 Bg7 5. Nf3 O-O 6. O-O d6 7. Nc3 c6 8. d5 e5
9. dxe6 Bxe6 10. b3 Na6 11. Ng5 Qe7 12. Nxe6 Qxe6 13. Bb2 Nc5 14. Qc2 a5 15.
Rad1 Rad8 16. Rfe1 Nce4 17. Nxe4 fxe4 18. Bxf6 Qxf6 19. e3 d5 20. Re2 Qf7 21.
cxd5 cxd5 22. Qc5 d4 23. exd4 Rd5 24. Qc4 b5 25. Qc3 Qd7 26. Rxe4 Rd8 27. Re2
Rxd4 28. Rxd4 Bxd4 29. Qxa5 Bc5 30. Qe1 b4 31. h4 Qd1 32. Kf1 Kf7 33. Bf3 Qxe1+
34. Kxe1 Re8 35. Bd5+ Kf8 36. Bc6 Rxe2+ 37. Kxe2 Kg7 38. Kf3 Kf6 39. g4 h6 40.
Be4 Bd6 41. Bd3 Bc5 42. Kg3 Bd6+ 43. Kg2 g5 44. h5 Ke5 45. f3 1/2-1/2

[Event "4NCL Division 3 South"]
[Site "Maidenhead, ENG"]
[Date "2022.02.12"]
[Round "3.35"]
[White "Reynolds, D Ian W"]
[Black "Burton, Abigail"]
[Result "1-0"]
[WhiteElo "1929"]
[BlackElo "1700"]
[PlyCount "115"]
[EventDate "2022.02.12"]
[WhiteTeam "Iceni 1"]
[BlackTeam "Celtic Tigers 2"]

1. e4 d6 2. d4 Nf6 3. Nc3 g6 4. f4 Bg7 5. Nf3 Bg4 6. Be2 O-O 7. h3 Bxf3 8. Bxf3
c6 9. O-O Nbd7 10. e5 dxe5 11. fxe5 Ne8 12. Ne4 Nb6 13. c3 Nc7 14. Nc5 Rb8 15.
Qe1 Nd7 16. Nd3 Ne6 17. Bg4 Nc7 18. e6 fxe6 19. Bxe6+ Nxe6 20. Qxe6+ Kh8 21.
Bg5 Rxf1+ 22. Rxf1 Bf6 23. Bh6 Qe8 24. Bf4 Rd8 25. Bc7 Rc8 26. Bf4 Rd8 27. Re1
Qg8 28. g4 Qxe6 29. Rxe6 g5 30. Bg3 Kg7 31. Re2 b6 32. Kg2 h6 33. Bf2 Kf7 34.
Nb4 Rc8 35. Nd3 e6 36. Bg1 Be7 37. Kf3 c5 38. Ne5+ Nxe5+ 39. Rxe5 cxd4 40. Bxd4
Bf6 41. Re4 e5 42. Bxe5 Rd8 43. Bxf6 Kxf6 44. Rd4 Rf8 45. Ke3 Ke6 46. c4 Rf1
47. Re4+ Kd7 48. Kd3 Rf2 49. Re2 Rf3+ 50. Re3 Rf2 51. Kc3 a5 52. Kb3 Kd6 53. a3
Kc5 54. Kc3 a4 55. Re5+ Kd6 56. Rd5+ Ke6 57. Rb5 Rf3+ 58. Kb4 1-0

[Event "4NCL Division 3 South"]
[Site "Maidenhead, ENG"]
[Date "2022.02.12"]
[Round "3.36"]
[White "Armitage, John"]
[Black "Calvert, D Ian"]
[Result "1/2-1/2"]
[WhiteElo "1650"]
[BlackElo "1942"]
[PlyCount "120"]
[EventDate "2022.02.12"]
[WhiteTeam "Celtic Tigers 2"]
[BlackTeam "Iceni 1"]

1. e4 d5 2. exd5 Qxd5 3. Nc3 Qd6 4. Nf3 Nf6 5. d3 Bg4 6. Be2 Nc6 7. Be3 e6 8.
Qd2 Qd7 9. Ne4 Nxe4 10. dxe4 O-O-O 11. Qxd7+ Rxd7 12. O-O a6 13. c3 Be7 14.
Rfe1 Rhd8 15. Rad1 Bxf3 16. Rxd7 Rxd7 17. Bxf3 Ne5 18. Be2 Nd3 19. Bxd3 Rxd3
20. Kf1 Rd7 21. f4 b5 22. b4 Kb7 23. Ke2 c5 24. a3 c4 25. Rd1 Rxd1 26. Kxd1 f5
27. e5 Kc6 28. Ke2 Kd5 29. Kf3 h6 30. Bf2 g5 31. g3 g4+ 32. Ke3 Bd8 33. Ke2 Ke4
34. Bc5 h5 35. Bf2 Be7 36. Bg1 h4 37. Bf2 Bd8 38. Bc5 h3 39. Bf2 a5 40. Bc5 Bc7
41. Bf2 axb4 42. axb4 Bd8 43. Bc5 Bc7 44. Bf2 Kd5 45. Bg1 Kc6 46. Bf2 Bd8 47.
Bc5 Bc7 48. Bf2 Kd5 49. Bc5 Ke4 50. Bf2 Bd8 51. Bc5 Bc7 52. Bf2 Bb8 53. Bc5 Kd5
54. Bf2 Kc6 55. Bc5 Bc7 56. Bf2 Bd8 57. Bc5 Kd5 58. Bf2 Be7 59. Bg1 Ke4 60. Bf2
Bd8 1/2-1/2

[Event "4NCL Division 3 South"]
[Site "Maidenhead, ENG"]
[Date "2022.02.12"]
[Round "3.41"]
[White "Rogacewicz, Mikolaj"]
[Black "Handley, Michael R"]
[Result "1-0"]
[WhiteElo "1957"]
[BlackElo "2088"]
[PlyCount "79"]
[EventDate "2022.02.12"]
[WhiteTeam "Sussex Martlets 2"]
[BlackTeam "SchachAttack"]

1. d4 e6 2. c4 f5 3. Nf3 Nf6 4. g3 d5 5. Bg2 Be7 6. O-O Ne4 7. Ne5 c6 8. f3 Nf6
9. Nc3 O-O 10. e4 Nbd7 11. cxd5 cxd5 12. exd5 Nxe5 13. dxe5 Nxd5 14. Nxd5 exd5
15. Be3 Be6 16. f4 Qa5 17. Qe1 Qb5 18. Qf2 b6 19. Rfd1 Rac8 20. a3 Rc7 21. b4
Rfc8 22. Qd2 Rc2 23. Qd3 Qc4 24. Bxd5 Bxd5 25. Qxd5+ Qxd5 26. Rxd5 Re2 27. Bd2
Rc2 28. Rd1 a5 29. Rd7 Kf8 30. h4 axb4 31. axb4 Ke8 32. Rd4 b5 33. Be1 Rg2+ 34.
Kf1 Rh2 35. R1d2 Rcxd2 36. Bxd2 Rh1+ 37. Ke2 Rg1 38. Be1 Rg2+ 39. Bf2 Bd8 40.
Rxd8+ 1-0

[Event "4NCL Division 3 South"]
[Site "Maidenhead, ENG"]
[Date "2022.02.12"]
[Round "3.42"]
[White "Wilks, Simon"]
[Black "Salmons, Calum"]
[Result "1/2-1/2"]
[WhiteElo "2081"]
[BlackElo "1932"]
[PlyCount "62"]
[EventDate "2022.02.12"]
[WhiteTeam "SchachAttack"]
[BlackTeam "Sussex Martlets 2"]

1. e4 c5 2. c3 Nf6 3. e5 Nd5 4. Nf3 Nc6 5. Bc4 Nb6 6. Bb3 c4 7. Bc2 d6 8. exd6
e5 9. O-O Bxd6 10. d3 Bf5 11. dxc4 Bxc2 12. Qxc2 Nxc4 13. Rd1 Nb6 14. Nbd2 Qe7
15. Ne4 Bc7 16. Be3 Nd7 17. b4 Rd8 18. Ng3 f6 19. Nf5 Qf7 20. Nd6+ Bxd6 21.
Rxd6 O-O 22. Rad1 Nb6 23. Rxd8 Rxd8 24. b5 Rxd1+ 25. Qxd1 Ne7 26. Qd8+ Qf8 27.
Bxb6 axb6 28. Qxb6 Qc8 29. c4 Qxc4 30. g3 Qd5 31. Ne1 Qe4 1/2-1/2

[Event "4NCL Division 3 South"]
[Site "Maidenhead, ENG"]
[Date "2022.02.12"]
[Round "3.43"]
[White "Howell, Oliver W"]
[Black "Burrows, Nick"]
[Result "0-1"]
[WhiteElo "2021"]
[BlackElo "2026"]
[PlyCount "72"]
[EventDate "2022.02.12"]
[WhiteTeam "Sussex Martlets 2"]
[BlackTeam "SchachAttack"]

1. Nf3 d5 2. d4 Nf6 3. Bg5 Ne4 4. Bf4 c5 5. e3 Qb6 6. Nc3 Qa5 7. Bb5+ Nc6 8.
O-O Nxc3 9. Bxc6+ bxc6 10. bxc3 Qxc3 11. Ne5 cxd4 12. exd4 Bf5 13. Rb1 f6 14.
Nd3 Qxd4 15. Rb4 Qc3 16. Qb1 Kf7 17. Rb8 Rxb8 18. Bxb8 a5 19. h3 Bxd3 20. cxd3
Qb4 21. Qxb4 axb4 22. Rc1 e5 23. Rxc6 Be7 24. Rb6 Rc8 25. Rb7 Ke6 26. g4 Rc2
27. Rb6+ Kd7 28. Rb7+ Kd8 29. Ba7 Rxa2 30. Bb6+ Ke8 31. d4 b3 32. Bc5 Bxc5 33.
dxc5 b2 34. Kg2 e4 35. Kg3 g5 36. h4 d4 0-1